Vista normal
Vista MARC
Entrada Nombre personal
Número de registros utilizados en: 3
001 - NÚMERO DE CONTROL
- campo de control: 79697
003 - IDENTIFICADOR DEL NÚMERO DE CONTROL
- campo de control: BNPHU
005 - FECHA Y HORA DE LA ÚLTIMA TRANSACCIÓN
- campo de control: 20240228140800.0
008 - DATOS DE LONGITUD FIJA
- campo de control de longitud fija: 210901|| aca||aabn | a|a d
040 ## - FUENTE DE LA CATALOGACIÓN
- Centro catalogador/agencia de origen: DO-SdBNP
- Lengua de catalogación: spa
- Centro/agencia transcriptor: BNPHU
- Normas de descripción: rda
100 1# - ENCABEZAMIENTO-NOMBRE DE PERSONA
- Nombre de persona: Segarra Báez, Iván,
- Fechas asociadas al nombre: 1967-
400 ## - TRAZADO DE VÉASE--NOMBRE DE PERSONA
- Nombre de persona: Baez, Iván Segarra
670 ## - FUENTE DE DATOS ENCONTRADOS
- Cita de la fuente: Iván Segarra-Báez, El cañaveral / , 2018.
670 ## - FUENTE DE DATOS ENCONTRADOS
- Cita de la fuente: Iván Segarra-Báez, Candela /, 1997
